000 00418nab a2200145Ia 4500
003 ES-SlBCS
005 20210601134620.0
008 140529s1981 xxu||||| |||| 00| 0 spa d
041 _aspa
100 1 _aGutiérrez, Silvana
_9220460
245 0 0 _aEl Matriarcalismo vasco
_c Silvana Gutiérrez
650 0 4 _aMatriarcalismo Vasco
_9220461
773 0 _tAnthropos
_gvol. 3, nº. 5, 1981, págs. 79-89
_wRev38
942 _cAR
999 _c615326
_d615326